| Tag |
First Indicator |
Second Indicator |
Subfields |
| LEADER |
00000cam a22000001i 4500 |
| 001 |
in00003975475 |
| 006 |
m d f |
| 007 |
cr bn mmmapmmp |
| 008 |
380725s1938 dcu o f000 0 eng d |
| 005 |
20250210231150.9 |
| 035 |
|
|
|a ebd1933002214
|
| 040 |
|
|
|a UMI
|c UMI
|e rda
|d UtOrBLW
|
| 086 |
0 |
|
|a L 5.20:236
|
| 099 |
|
|
|a L5.20..236
|
| 110 |
1 |
|
|a United States.
|b Children's Bureau.
|0 http://id.loc.gov/authorities/names/n80044745
|
| 245 |
1 |
0 |
|a Child℗--welfare legislation, 1937 [summaries of legislation affecting child welfare and organized by State].
|
| 264 |
|
1 |
|a [Washington] :
|b [s.n.],
|c 1938.
|
| 300 |
|
|
|a 1 online resource (95 pages), digital, PDF file
|
| 336 |
|
|
|a text
|b txt
|2 rdacontent
|
| 337 |
|
|
|a computer
|b c
|2 rdamedia
|
| 338 |
|
|
|a online resource
|b cr
|2 rdacarrier
|
| 533 |
|
|
|a Electronic reproduction.
|b [Bethesda, Md.] :
|c ProQuest,
|d 2016
|e digital, PDF file.
|n ProQuest U.S. Executive Branch Documents
|n Mode of access: World Wide Web via ProQuest website.
|
| 588 |
|
|
|a Record is based on online resource; title from PDF title page (ProQuest, last viewed July 2016). Reuse except for individual research requires license from ProQuest, LLC.
|
| 650 |
|
0 |
|a Law.
|0 http://id.loc.gov/authorities/subjects/sh85075119
|
| 650 |
|
0 |
|a Child welfare.
|0 http://id.loc.gov/authorities/subjects/sh85023396
|
| 650 |
|
0 |
|a Public welfare.
|0 http://id.loc.gov/authorities/subjects/sh85108846
|
| 856 |
4 |
0 |
|u http://proxy.library.tamu.edu/login?url=http://congressional.proquest.com/congressional/docview/t66.d71.l5.20..236?
|y Electronic resource (PDF)
|t 0
|
| 999 |
f |
f |
|s e90a9da6-d43e-3823-89f2-ed9e57c87143
|i 7c992100-3172-3b81-876c-7619d94d5b09
|t 0
|
| 952 |
f |
f |
|a Texas A&M University
|b College Station
|c Electronic Resources
|d Available Online
|t 0
|h No information provided
|
| 998 |
f |
f |
|t 0
|l Available Online
|